[Event "Memorial Romana Baka OPEN FIDE"]
[Site "Starochorzowski Dom Kultury"]
[Date "2013.10.02"]
[Round "7.16"]
[White "Korcz, Daniel"]
[Black "Jopek, Krzysztof"]
[Result "0-1"]
[WhiteElo "1795"]
[BlackElo "1899"]
[PlyCount "150"]
[EventDate "2013.??.??"]

1. e4 c6 2. d4 d5 3. Nc3 dxe4 4. Nxe4 Bf5 5. Ng3 Bg6 6. h4 h6 7. h5 Bh7 8. Nf3
Nd7 9. Bd3 Bxd3 10. Qxd3 Ngf6 11. Bd2 Qc7 12. O-O-O e6 13. Kb1 O-O-O 14. Ne4
Kb8 15. g3 Nxe4 16. Qxe4 Bd6 17. c4 Nf6 18. Qe2 c5 19. Bc3 Ka8 20. Ne5 Bxe5 21.
dxe5 Nd7 22. f4 Nb8 23. Qg4 Rxd1+ 24. Rxd1 Rd8 25. Rxd8 Qxd8 26. Kc2 Qg8 27.
Qd1 g6 28. hxg6 Qxg6+ 29. Qd3 Nc6 30. Kd2 Qxd3+ 31. Kxd3 h5 32. Ke3 Ne7 33. Kf3
Kb8 34. g4 hxg4+ 35. Kxg4 Kc8 36. Be1 Kd7 37. Bh4 Nf5 38. Bf2 b6 39. Kg5 Nd4
40. b4 Ke8 41. bxc5 bxc5 42. Kg4 Kd7 43. a4 a6 44. Kg5 Ke8 45. Kg4 Kd7 46. Kg5
Nb3 47. Kf6 Ke8 48. Be3 Nd4 49. Bf2 Nf3 50. Bxc5 Nd2 51. Bb4 Nxc4 52. f5 Nb6
53. fxe6 Nd5+ 54. Kg7 fxe6 55. Bd6 Kd7 56. Kf7 Nb6 57. a5 Nc4 58. Bb4 Nxe5+ 59.
Kf6 Nc6 60. Bd2 Kd6 61. Be1 Kd5 62. Kg5 Nd4 63. Kg4 Ke4 64. Kg5 Kd3 65. Bb4 e5
66. Kf6 e4 67. Be1 Nc2 68. Bh4 e3 69. Ke5 e2 70. Kd5 e1=Q 71. Bxe1 Nxe1 72. Kc5
Nc2 73. Kd5 Nb4+ 74. Kc5 Kc3 75. Kb6 Kc4 0-1

[Event "Memorial Romana Baka OPEN FIDE"]
[Site "Starochorzowski Dom Kultury"]
[Date "2013.10.02"]
[Round "7.17"]
[White "Mandla, Maciej"]
[Black "Cieraszewski, Piotr"]
[Result "1-0"]
[WhiteElo "1673"]
[BlackElo "1917"]
[PlyCount "77"]
[EventDate "2013.??.??"]

1. e4 e5 2. Nf3 Nc6 3. Bb5 a6 4. Ba4 b5 5. Bb3 d6 6. c3 Be7 7. O-O Nf6 8. Re1
O-O 9. h3 Na5 10. Bc2 c5 11. d4 Bb7 12. dxe5 Ne8 13. exd6 Nxd6 14. Nbd2 Re8 15.
Nf1 Qb6 16. Ng3 Rad8 17. Qe2 Bf8 18. b3 g6 19. Bg5 Ra8 20. Qd2 Bg7 21. Rad1 Re6
22. Bf4 Ne8 23. Ng5 Re7 24. h4 Nc6 25. h5 Qa5 26. e5 Rd8 27. Qe3 Rxd1 28. Bxd1
f6 29. b4 cxb4 30. Bb3+ Kh8 31. Nf7+ Kg8 32. Nd6+ Kh8 33. Nxb7 Rxb7 34. exf6
Nxf6 35. Qe6 Nd8 36. Qe8+ Nxe8 37. Rxe8+ Bf8 38. Be5+ Rg7 39. Rxf8# 1-0

[Event "Memorial Romana Baka OPEN FIDE"]
[Site "Starochorzowski Dom Kultury"]
[Date "2013.10.02"]
[Round "7.18"]
[White "Bilczewski, Kacper"]
[Black "Lendla, Janusz"]
[Result "1-0"]
[WhiteElo "1781"]
[BlackElo "1698"]
[PlyCount "87"]
[EventDate "2013.??.??"]

1. e4 c5 2. c3 Nf6 3. e5 Nd5 4. d4 Nc6 5. Bc4 Nb6 6. Bxf7+ Kxf7 7. dxc5 Nxe5 8.
cxb6 Qxb6 9. Nf3 Nxf3+ 10. Qxf3+ Qf6 11. Qd3 Qg6 12. Qf3+ Qf6 13. Qe2 e6 14.
O-O Be7 15. Nd2 Rf8 16. Ne4 Qg6 17. Bf4 Kg8 18. Bd6 Bxd6 19. Nxd6 b6 20. Rad1
a5 21. Qe3 Ba6 22. c4 Rab8 23. a4 Bb7 24. Nxb7 Rxb7 25. Rd6 Qc2 26. b3 h6 27.
h3 Rfb8 28. Rfd1 Rd8 29. R1d2 Qc1+ 30. Kh2 Rf8 31. Rxd7 Rxd7 32. Rxd7 Qxe3 33.
fxe3 Rf6 34. Rb7 e5 35. Re7 Rf5 36. Re6 e4 37. Rxe4 Kf7 38. Rf4 g6 39. Rxf5+
gxf5 40. Kg3 Ke6 41. Kf4 Kf6 42. e4 fxe4 43. Kxe4 Ke6 44. g4 1-0

[Event "Memorial Romana Baka OPEN FIDE"]
[Site "Starochorzowski Dom Kultury"]
[Date "2013.10.02"]
[Round "7.19"]
[White "Nowakowski, Jan"]
[Black "Grzesiek, Wiktoria"]
[Result "1-0"]
[WhiteElo "1675"]
[BlackElo "1434"]
[PlyCount "120"]
[EventDate "2013.??.??"]

1. e4 c5 2. Nf3 Nc6 3. c3 d5 4. exd5 Qxd5 5. d4 cxd4 6. Nxd4 Nxd4 7. Qxd4 Qxd4
8. cxd4 e6 9. a3 Nf6 10. Nc3 Bd7 11. f3 a6 12. Be3 Be7 13. Bd3 O-O 14. Kf2 Rac8
15. Rac1 Rfd8 16. g4 Bc6 17. Rhd1 Bd6 18. h3 e5 19. Bg5 exd4 20. Bxf6 gxf6 21.
Ne2 Be5 22. f4 Bd6 23. Bf5 Bd7 24. Bxd7 Rxc1 25. Rxc1 Rxd7 26. Nxd4 Bc5 27.
Rxc5 Rxd4 28. Ke3 Rd7 29. h4 Kg7 30. h5 Re7+ 31. Kf3 h6 32. b4 Rd7 33. Rc3 Rd5
34. Ke4 Rd7 35. a4 Rd1 36. Rc7 Ra1 37. a5 Re1+ 38. Kf5 Rd1 39. Rxb7 Rd5+ 40.
Ke4 Rd8 41. Rb6 Ra8 42. Kf5 Ra7 43. Rxf6 Rb7 44. Rb6 Ra7 45. g5 hxg5 46. fxg5
Ra8 47. h6+ Kh7 48. Rb7 Kg8 49. Kf6 Rc8 50. h7+ Kxh7 51. Rxf7+ Kg8 52. Rg7+ Kh8
53. Rb7 Kg8 54. Rb6 Ra8 55. Ke6 Ra7 56. Kd6 Kg7 57. Kc5 Rc7+ 58. Rc6 Ra7 59.
Kb6 Ra8 60. Kb7 Rc8 1-0

[Event "Memorial Romana Baka OPEN FIDE"]
[Site "Starochorzowski Dom Kultury"]
[Date "2013.10.02"]
[Round "7.20"]
[White "Kotula, Magdalena"]
[Black "Sobek, Piotr"]
[Result "1-0"]
[WhiteElo "1563"]
[BlackElo "1840"]
[PlyCount "79"]
[EventDate "2013.??.??"]

1. e4 e5 2. Nf3 Nc6 3. Bb5 a6 4. Ba4 Nf6 5. d4 b5 6. Bb3 d6 7. dxe5 Ng4 8.
Bxf7+ Kxf7 9. Qd5+ Be6 10. Qxc6 Nxe5 11. Nxe5+ dxe5 12. Nd2 Bd6 13. Nf3 h6 14.
Be3 Qe7 15. O-O Rhf8 16. Qc3 Bc4 17. Rfd1 Be2 18. Qb3+ Kg6 19. Ne1 Bc4 20.
Rxd6+ cxd6 21. Qc3 Rac8 22. Qa5 Rc6 23. b3 Be6 24. a4 bxa4 25. Rxa4 Bd7 26. Rb4
Qf6 27. Rb7 Bc8 28. Rb8 Rf7 29. f3 Bb7 30. c4 Rcc7 31. Bb6 Rcd7 32. Bd8 Qe6 33.
Nd3 Rf8 34. Qb6 Rff7 35. Nc5 Qe8 36. Bc7 Bc8 37. Nxd7 Qxd7 38. Qxd6+ Rf6 39.
Qxd7 Bxd7 40. Bxe5 1-0

[Event "Memorial Romana Baka OPEN FIDE"]
[Site "Starochorzowski Dom Kultury"]
[Date "2013.10.03"]
[Round "8.1"]
[White "Raszka, Janusz"]
[Black "Stachanczyk, Jacek"]
[Result "1/2-1/2"]
[WhiteElo "2192"]
[BlackElo "2227"]
[PlyCount "72"]
[EventDate "2013.??.??"]

1. e4 c5 2. Nf3 d6 3. d4 cxd4 4. Nxd4 Nf6 5. Nc3 g6 6. Be2 Bg7 7. O-O O-O 8.
Bg5 Nc6 9. Nb3 a5 10. a4 Be6 11. f4 Qb6+ 12. Kh1 Bxb3 13. cxb3 Qd4 14. Bc4 Qxd1
15. Raxd1 Rfe8 16. h3 Rac8 17. g4 Kf8 18. Kg2 Red8 19. Bh4 Nd7 20. Bf2 Bxc3 21.
bxc3 Nc5 22. Kf3 Nb8 23. Bxc5 Rxc5 24. Rd3 Nd7 25. Bb5 Nb6 26. Ke2 Rdc8 27. Kd2
g5 28. fxg5 Rxg5 29. Rf5 h6 30. Rdf3 f6 31. Rxg5 hxg5 32. Rf5 Kg7 33. Kd3 e6
34. Rf3 d5 35. c4 dxc4+ 36. bxc4 e5 1/2-1/2

[Event "Memorial Romana Baka OPEN FIDE"]
[Site "Starochorzowski Dom Kultury"]
[Date "2013.10.03"]
[Round "8.2"]
[White "Faron, Rafal"]
[Black "Kuciel, Wladyslaw"]
[Result "1-0"]
[WhiteElo "2021"]
[BlackElo "1970"]
[PlyCount "89"]
[EventDate "2013.??.??"]

1. d4 Nf6 2. c4 e6 3. Nf3 Bb4+ 4. Bd2 a5 5. g3 b6 6. Bg2 Bb7 7. O-O Bxd2 8.
Nbxd2 d6 9. Qc2 Nbd7 10. e4 e5 11. d5 O-O 12. Ne1 Nh5 13. Nd3 Nc5 14. Nxc5 bxc5
15. a3 g6 16. Rab1 c6 17. b4 cxb4 18. axb4 cxd5 19. exd5 Qc7 20. c5 axb4 21. c6
Ba6 22. Rfd1 Rfb8 23. Ne4 Bc8 24. Qd2 Bg4 25. Rdc1 b3 26. Rc3 b2 27. Rxb2 f5
28. Ng5 f4 29. h3 Bc8 30. g4 Ng7 31. Rcb3 Ne8 32. Ne4 Kg7 33. Nc3 Rxb3 34. Rxb3
Ra1+ 35. Kh2 Qa5 36. Qb2 Kh6 37. Rb8 f3 38. Bxf3 Qa6 39. Be2 Qa7 40. Qb6 Qf7
41. Qe3+ g5 42. Rxc8 Ra3 43. h4 Kg7 44. Qxg5+ Kh8 45. Ne4 1-0

[Event "Memorial Romana Baka OPEN FIDE"]
[Site "Starochorzowski Dom Kultury"]
[Date "2013.10.03"]
[Round "8.3"]
[White "Zylka, Stanislaw"]
[Black "Banasik, Henryk"]
[Result "1-0"]
[WhiteElo "1712"]
[BlackElo "2011"]
[PlyCount "119"]
[EventDate "2013.??.??"]

1. e4 c5 2. Nf3 Nc6 3. d4 cxd4 4. Nxd4 Nf6 5. Nc3 e5 6. Ndb5 d6 7. Bg5 a6 8.
Na3 b5 9. Bxf6 gxf6 10. Nd5 f5 11. c3 Bg7 12. exf5 Bxf5 13. Nc2 Be6 14. Nce3
Ne7 15. g3 Nxd5 16. Nxd5 O-O 17. Bg2 a5 18. O-O f5 19. Qh5 Kh8 20. Rad1 Ra7 21.
Rd2 Bf7 22. Qe2 Bh6 23. f4 exf4 24. Qf2 Rd7 25. Nxf4 Bxa2 26. Bd5 Bxf4 27. Qxf4
Qb6+ 28. Kg2 Bxd5+ 29. Rxd5 Qc6 30. Qd4+ Kg8 31. Rfxf5 Rxf5 32. Qg4+ Kf8 33.
Qxf5+ Rf7 34. Qd3 b4 35. Kh3 bxc3 36. bxc3 Qc8+ 37. g4 Qc6 38. Kh4 Rf6 39. Rxa5
Qg2 40. Qg3 Qe4 41. Rh5 Kg7 42. Qg1 Qf4 43. Qa7+ Kf8 44. h3 h6 45. Qd4 Qxd4 46.
cxd4 Ke7 47. Rf5 Re6 48. Kh5 Re4 49. d5 Re3 50. h4 Re4 51. g5 hxg5 52. hxg5 Re1
53. g6 Rh1+ 54. Kg5 Rh2 55. g7 Rg2+ 56. Kh6 Rh2+ 57. Kg6 Rg2+ 58. Rg5 Rxg5+ 59.
Kxg5 Kf7 60. Kf5 1-0

[Event "Memorial Romana Baka OPEN FIDE"]
[Site "Starochorzowski Dom Kultury"]
[Date "2013.10.03"]
[Round "8.4"]
[White "Lis, Mateusz"]
[Black "Szczecina, Kamil"]
[Result "0-1"]
[WhiteElo "1765"]
[BlackElo "1894"]
[PlyCount "82"]
[EventDate "2013.??.??"]

1. e4 c5 2. Nf3 e6 3. d4 cxd4 4. Nxd4 a6 5. Bd3 Qc7 6. O-O Nf6 7. Qe2 d6 8. c4
Nbd7 9. Nc3 b6 10. f4 Be7 11. Bd2 O-O 12. Rae1 Bb7 13. g4 d5 14. e5 dxc4 15.
Bxc4 Bc5 16. Be3 Nxg4 17. Qxg4 Bxd4 18. Bxd4 Qxc4 19. Rd1 Qc6 20. Qg3 Nc5 21.
Rfe1 Rfd8 22. b4 Na4 23. Ne4 Qc2 24. Rd2 Qc4 25. Nd6 Qxb4 26. Rd3 Nc5 27. Bxc5
Qxc5+ 28. Qe3 Qc6 29. Qg3 Rd7 30. Kf2 Qa4 31. Re2 Rc7 32. f5 exf5 33. Nxf5 g6
34. Qg5 f6 35. exf6 Qb5 36. Ne7+ Rxe7 37. Qxb5 Rxe2+ 38. Kxe2 axb5 39. Rd7 Be4
40. Rd6 Bb1 41. Rxb6 Bxa2 0-1

[Event "Memorial Romana Baka OPEN FIDE"]
[Site "Starochorzowski Dom Kultury"]
[Date "2013.10.03"]
[Round "8.5"]
[White "Morkisz, Bogdan"]
[Black "Jacel, Lukasz"]
[Result "1-0"]
[WhiteElo "2134"]
[BlackElo "1917"]
[PlyCount "39"]
[EventDate "2013.??.??"]

1. e4 c5 2. Nc3 Nc6 3. g3 g6 4. Bg2 d6 5. d3 Bg7 6. Be3 e5 7. Qd2 Nd4 8. Nd1
Ne7 9. c3 Ne6 10. Bh6 d5 11. Bxg7 Nxg7 12. Qg5 Qd6 13. f4 f5 14. fxe5 Qxe5 15.
Nf3 Qd6 16. e5 Qb6 17. Qf6 Rg8 18. Ng5 h6 19. Bxd5 Rf8 20. Bf7+ 1-0

[Event "Memorial Romana Baka OPEN FIDE"]
[Site "Starochorzowski Dom Kultury"]
[Date "2013.10.03"]
[Round "8.6"]
[White "Blasiak, Miroslaw"]
[Black "Matuszczyk, Krystian"]
[Result "0-1"]
[WhiteElo "1870"]
[BlackElo "2019"]
[PlyCount "102"]
[EventDate "2013.??.??"]

1. e4 c5 2. Nf3 e6 3. d4 cxd4 4. Nxd4 a6 5. Nc3 Qc7 6. Be2 Nc6 7. O-O Nf6 8.
Be3 Be7 9. f4 d6 10. Kh1 O-O 11. Qe1 Bd7 12. Qg3 Kh8 13. Bf3 Rac8 14. Rae1 Rg8
15. Bg1 Qd8 16. e5 Ne8 17. Qh3 d5 18. Be2 g6 19. a3 Ng7 20. Bd3 Nxd4 21. Bxd4
Nf5 22. Bg1 Bc6 23. Ne2 b5 24. Nd4 Bb7 25. Nf3 d4 26. Re2 Rg7 27. Nd2 Bd5 28.
Ne4 h5 29. Bf2 Rh7 30. Bg1 h4 31. Bf2 Kg7 32. Ng5 Bxg5 33. fxg5 Qxg5 34. Bxf5
Qxf5 35. Qxf5 gxf5 36. h3 Bc4 37. Rfe1 Bxe2 38. Rxe2 Rd8 39. Rd2 Kg6 40. Bxd4
f4 41. c3 Kf5 42. Kg1 Rg7 43. Kf1 Rg3 44. Rf2 Rdg8 45. b3 Ke4 46. Re2+ Kf5 47.
Rf2 Rc8 48. Ke2 Rgxc3 49. Bxc3 Rxc3 50. Rf1 Rxb3 51. Rc1 Kxe5 0-1

[Event "Memorial Romana Baka OPEN FIDE"]
[Site "Starochorzowski Dom Kultury"]
[Date "2013.10.03"]
[Round "8.7"]
[White "Zawierucha, Aleksander"]
[Black "Gromada, Andrzej"]
[Result "1-0"]
[WhiteElo "2008"]
[BlackElo "1874"]
[PlyCount "61"]
[EventDate "2013.??.??"]

1. d4 Nf6 2. c4 g6 3. Nc3 d5 4. Bf4 Bg7 5. Rc1 Nh5 6. Bg5 h6 7. Bd2 c5 8. cxd5
cxd4 9. Nb5 Na6 10. Nxd4 Qxd5 11. Bc3 O-O 12. e3 Rd8 13. Ngf3 Nc5 14. Bb4 b6
15. Bc4 Qe4 16. Qc2 Bb7 17. O-O Rac8 18. b3 e6 19. Bxc5 Qxc2 20. Nxc2 Rxc5 21.
Rcd1 Rcc8 22. Ncd4 a6 23. Nxe6 fxe6 24. Bxe6+ Kf8 25. Bxc8 Rxc8 26. Rd6 Rc6 27.
Rfd1 Rc2 28. Rd8+ Ke7 29. R8d7+ Ke6 30. Rxb7 Rc6 31. g4 1-0

[Event "Memorial Romana Baka OPEN FIDE"]
[Site "Starochorzowski Dom Kultury"]
[Date "2013.10.03"]
[Round "8.8"]
[White "Pasieka, Marcin"]
[Black "Wiecek, Pawel"]
[Result "1-0"]
[WhiteElo "1514"]
[BlackElo "1957"]
[PlyCount "93"]
[EventDate "2013.??.??"]

1. e4 g6 2. d4 d5 3. exd5 Nf6 4. Nf3 Bg7 5. Be2 Nxd5 6. c4 Nb6 7. O-O O-O 8.
Be3 c5 9. Nc3 cxd4 10. Bxd4 Bg4 11. Bxg7 Qxd1 12. Rfxd1 Kxg7 13. c5 N6d7 14. h3
Bf5 15. g4 Be6 16. Nd4 Nxc5 17. b4 Nca6 18. Nxe6+ fxe6 19. Bxa6 Nxa6 20. Rd7
Nxb4 21. Rxe7+ Rf7 22. Rxf7+ Kxf7 23. Rb1 a5 24. a3 Nc2 25. Rxb7+ Kg8 26. Nb5
Rf8 27. Ra7 Rf3 28. Rxa5 Rxh3 29. Ra8+ Kg7 30. a4 Kf6 31. a5 Rb3 32. a6 Rxb5
33. a7 Kg5 34. Rb8 Ra5 35. Rb5+ Rxb5 36. a8=Q Rd5 37. f3 Ne1 38. Kf2 Nd3+ 39.
Ke3 Nf4 40. Qf8 Rd3+ 41. Ke4 e5 42. Qe7+ Kh6 43. g5+ Kh5 44. Qxe5 Ra3 45. Kxf4
Ra4+ 46. Kg3 Ra7 47. Qf4 1-0

[Event "Memorial Romana Baka OPEN FIDE"]
[Site "Starochorzowski Dom Kultury"]
[Date "2013.10.03"]
[Round "8.9"]
[White "Rak, Dariusz"]
[Black "Stepaniec, Lukasz"]
[Result "1/2-1/2"]
[WhiteElo "1885"]
[BlackElo "1857"]
[PlyCount "47"]
[EventDate "2013.??.??"]

1. d4 d5 2. c4 c6 3. Nf3 Nf6 4. e3 Bf5 5. Nc3 e6 6. cxd5 exd5 7. Bd3 Bxd3 8.
Qxd3 Bb4 9. O-O O-O 10. a3 Ba5 11. Ne5 Nbd7 12. f4 c5 13. Qb5 cxd4 14. exd4 a6
15. Qd3 Rc8 16. Be3 Bxc3 17. bxc3 Ne4 18. Rfc1 f6 19. Nxd7 Qxd7 20. c4 f5 21.
cxd5 Qxd5 22. Rxc8 Rxc8 23. Rc1 Rxc1+ 24. Bxc1 1/2-1/2

[Event "Memorial Romana Baka OPEN FIDE"]
[Site "Starochorzowski Dom Kultury"]
[Date "2013.10.03"]
[Round "8.10"]
[White "Widera, Jan"]
[Black "Krol, Rafal"]
[Result "0-1"]
[WhiteElo "1989"]
[BlackElo "1771"]
[PlyCount "59"]
[EventDate "2013.??.??"]

1. c4 Nf6 2. Nc3 e6 3. e4 d5 4. e5 d4 5. exf6 dxc3 6. fxg7 cxd2+ 7. Qxd2 Qxd2+
8. Bxd2 Bxg7 9. O-O-O c5 10. Nf3 Nc6 11. h4 e5 12. h5 h6 13. Re1 O-O 14. Nh4
Nd4 15. f3 Be6 16. Bd3 b5 17. g4 Bxc4 18. Bxc4 bxc4 19. g5 hxg5 20. Bxg5 Kh7
21. h6 Bh8 22. Be7 Rac8 23. Re3 Rc6 24. Rg1 Re8 25. Bg5 f6 26. f4 fxg5 27. fxg5
Kg8 28. g6 Bf6 29. Re4 Bxh4 30. h7+ 0-1

[Event "Memorial Romana Baka OPEN FIDE"]
[Site "Starochorzowski Dom Kultury"]
[Date "2013.10.03"]
[Round "8.11"]
[White "Ochowicz, Jakub"]
[Black "Bilczewski, Kacper"]
[Result "0-1"]
[WhiteElo "1619"]
[BlackElo "1781"]
[PlyCount "68"]
[EventDate "2013.??.??"]

1. e4 e6 2. d4 d5 3. e5 c5 4. c3 Nc6 5. Nf3 Bd7 6. a3 Nge7 7. b4 cxd4 8. cxd4
Nf5 9. Be3 Be7 10. Be2 O-O 11. O-O f6 12. exf6 Bxf6 13. Qd3 Be8 14. Rd1 Bg6 15.
Qd2 Rc8 16. Bb5 Nd6 17. Bxc6 Rxc6 18. Nc3 Nc4 19. Qe2 Bh5 20. Qe1 Qc8 21. Rac1
Bxf3 22. gxf3 Bh4 23. Nb5 e5 24. Qe2 Qh3 25. Kh1 Rxf3 26. Rc3 e4 27. Rg1 a6 28.
Na7 Rcf6 29. Rg2 b5 30. a4 Qd7 31. Bg5 Bxg5 32. Rxg5 Rxc3 33. Qh5 Rxf2 34. Kg1
Qf7 0-1

[Event "Memorial Romana Baka OPEN FIDE"]
[Site "Starochorzowski Dom Kultury"]
[Date "2013.10.03"]
[Round "8.12"]
[White "Jopek, Krzysztof"]
[Black "Wojkowski, Mariusz"]
[Result "1-0"]
[WhiteElo "1899"]
[BlackElo "1358"]
[PlyCount "161"]
[EventDate "2013.??.??"]

1. d4 Nf6 2. c4 e5 3. dxe5 Ng4 4. Bf4 Bb4+ 5. Nd2 Nc6 6. Ngf3 Qe7 7. e3 Ngxe5
8. Nxe5 Nxe5 9. a3 Bxd2+ 10. Qxd2 d6 11. Rc1 O-O 12. c5 dxc5 13. Qd5 Nc6 14.
Qxc5 Qf6 15. Qc3 Qe7 16. Be2 Bd7 17. O-O Rac8 18. Bf3 Nd8 19. Qa5 Bc6 20. Be2
Ne6 21. Bg3 b6 22. Qe5 f6 23. Qc3 Be8 24. Rfd1 Bf7 25. Bg4 Rfd8 26. Qc6 Rxd1+
27. Rxd1 Nd8 28. Qd7 Qxd7 29. Bxd7 Ra8 30. Bxc7 Ne6 31. Bg3 Rd8 32. Ba4 Rxd1+
33. Bxd1 Kf8 34. Bd6+ Ke8 35. Ba4+ Kd8 36. Kf1 Kc8 37. Ke2 Kb7 38. f3 a6 39.
Bc2 g6 40. g4 Ng7 41. h4 Kc6 42. Be7 f5 43. Bf8 Ne6 44. Bb4 fxg4 45. fxg4 Kc7
46. Kf3 a5 47. Bc3 Kd6 48. b4 axb4 49. Bxb4+ Ke5 50. Bd3 Be8 51. Bc3+ Kd6 52.
Bc2 Bc6+ 53. e4 Ke7 54. Ke3 Kd6 55. Bb3 Ke7 56. Bd4 b5 57. Bc3 Kd7 58. Bb4 Bb7
59. Bd1 Bc6 60. Be2 Ke8 61. e5 Kd7 62. Bd3 Ke8 63. Be4 Bd7 64. Bd5 Kd8 65. Bd6
Ke8 66. Bb4 Kd8 67. h5 Ke8 68. Be4 Kf7 69. Bd5 Ke8 70. Be1 Kf7 71. Bh4 Kf8 72.
Bf6 Kf7 73. Be4 Be8 74. hxg6+ hxg6 75. Bd5 Bd7 76. Kd3 Ke8 77. Kc3 Nc7 78. Bf3
Kf7 79. Bd8 Ne6 80. Bf6 Nc7 81. Kd4 1-0

[Event "Memorial Romana Baka OPEN FIDE"]
[Site "Starochorzowski Dom Kultury"]
[Date "2013.10.03"]
[Round "8.13"]
[White "Mandla, Maciej"]
[Black "Klementys, Jerzy"]
[Result "0-1"]
[WhiteElo "1673"]
[BlackElo "1766"]
[PlyCount "86"]
[EventDate "2013.??.??"]

1. e4 c5 2. Nf3 d6 3. d4 cxd4 4. Nxd4 Nf6 5. Nc3 a6 6. Bg5 e6 7. f4 Be7 8. Qf3
Nbd7 9. O-O-O Qc7 10. g4 b5 11. Bxf6 Nxf6 12. g5 Nd7 13. f5 Bxg5+ 14. Kb1 Ne5
15. Qh5 Qd8 16. Rg1 Bf6 17. fxe6 O-O 18. Bh3 Kh8 19. Nd5 g6 20. Qh6 Bg7 21. Qe3
fxe6 22. Bxe6 Nc4 23. Qh3 Ne5 24. Rg3 Ra7 25. b3 Bb7 26. Rc3 Bxd5 27. exd5 Qf6
28. Kb2 b4 29. Re3 Nf3 30. Rxf3 Qxf3 31. Qxf3 Rxf3 32. Kb1 Rf2 33. h3 a5 34.
Nc6 Ra8 35. Bg4 h5 36. Be6 Bc3 37. Ne7 Kg7 38. Rg1 Rf6 39. Nf5+ Kh7 40. Ne3
Raf8 41. h4 Rf3 42. a4 bxa3 43. Nc4 Rf1+ 0-1

[Event "Memorial Romana Baka OPEN FIDE"]
[Site "Starochorzowski Dom Kultury"]
[Date "2013.10.03"]
[Round "8.14"]
[White "Stemplewski, Kamil"]
[Black "Rosicki, Marcin"]
[Result "0-1"]
[WhiteElo "1505"]
[BlackElo "1724"]
[PlyCount "94"]
[EventDate "2013.??.??"]

1. e4 e5 2. Nf3 Nc6 3. Bb5 a6 4. Bxc6 dxc6 5. O-O Bg4 6. h3 h5 7. d3 Qf6 8.
Nbd2 Ne7 9. Re1 Ng6 10. Nf1 Bxf3 11. Qxf3 Qxf3 12. gxf3 O-O-O 13. Be3 Bd6 14.
Nd2 Rhf8 15. Kf1 f5 16. f4 Bb4 17. fxe5 f4 18. Bxf4 Nxf4 19. Red1 Nxh3 20. f3
Bxd2 21. Rxd2 Rxf3+ 22. Kg2 Rdf8 23. Rh1 Ng5 24. Rxh5 Ne6 25. Rh4 g5 26. Rg4
R3f4 27. Rxf4 gxf4 28. Rf2 Rg8+ 29. Kh3 Rg3+ 30. Kh4 Re3 31. Kg4 f3 32. Rxf3
Rxf3 33. Kxf3 Nd4+ 34. Ke3 Nxc2+ 35. Kd2 Nd4 36. Kc3 Nf3 37. d4 Kd7 38. Kd3 c5
39. dxc5 Nxe5+ 40. Kd4 Nc6+ 41. Kc4 Ke6 42. b4 Ke5 43. b5 axb5+ 44. Kxb5 Kxe4
45. a4 Kd5 46. a5 Nxa5 47. Kxa5 Kxc5 0-1

[Event "Memorial Romana Baka OPEN FIDE"]
[Site "Starochorzowski Dom Kultury"]
[Date "2013.10.03"]
[Round "8.15"]
[White "Kostowski, Andrzej"]
[Black "Grabarczyk, Sylwester"]
[Result "0-1"]
[WhiteElo "1684"]
[BlackElo "1666"]
[PlyCount "60"]
[EventDate "2013.??.??"]

1. d4 f5 2. e3 Nf6 3. Be2 d6 4. Bh5+ Nxh5 5. Qxh5+ g6 6. Qe2 e5 7. dxe5 dxe5 8.
Qb5+ Nc6 9. Nf3 Bg7 10. Nc3 e4 11. Nd2 a6 12. Qb3 Qd6 13. O-O Be6 14. Qa4 O-O
15. Ncb1 b5 16. Qa3 b4 17. Qa4 Ne5 18. Re1 c5 19. a3 a5 20. f4 exf3 21. Nxf3
Nxf3+ 22. gxf3 f4 23. e4 Rfb8 24. c3 bxc3 25. e5 Bxe5 26. Nxc3 Bd4+ 27. Be3
fxe3 28. Qc2 Bh3 29. Qe2 Qf4 30. Nd5 Qg5+ 0-1

[Event "Memorial Romana Baka OPEN FIDE"]
[Site "Starochorzowski Dom Kultury"]
[Date "2013.10.03"]
[Round "8.16"]
[White "Domanski, Lukasz"]
[Black "Korcz, Daniel"]
[Result "1/2-1/2"]
[WhiteElo "1587"]
[BlackElo "1795"]
[PlyCount "102"]
[EventDate "2013.??.??"]

1. e4 e5 2. Nf3 Nc6 3. d4 exd4 4. Nxd4 Bc5 5. Be3 Qf6 6. c3 Nge7 7. Nc2 Bb6 8.
Bxb6 axb6 9. Nba3 Qg6 10. Qe2 Na7 11. g3 O-O 12. Bg2 d6 13. O-O Nec6 14. Ne3
Bd7 15. Nd5 Rac8 16. Rae1 Rfe8 17. Qd2 f6 18. Nf4 Qg5 19. Nc4 Ne7 20. Ne3 Nac6
21. Qc2 Ng6 22. Nfd5 Nge7 23. f4 Qh6 24. e5 dxe5 25. fxe5 Nxe5 26. Nxe7+ Rxe7
27. Bxb7 Rce8 28. Kh1 Nf3 29. Bxf3 Rxe3 30. Qb3+ Kf8 31. Rxe3 Rxe3 32. Qb4+ Re7
33. Bg2 Qd2 34. Qf4 Qxb2 35. Qxc7 Qxg2+ 36. Kxg2 Bh3+ 37. Kxh3 Rxc7 38. Rb1
Rxc3 39. Rxb6 Rc2 40. a4 Ra2 41. Rb4 Kf7 42. Rb7+ Kg6 43. Rb4 h6 44. g4 Kf7 45.
Rb7+ Kg6 46. Ra7 h5 47. gxh5+ Kxh5 48. Rxg7 Ra3+ 49. Kg2 Rxa4 50. Kf3 f5 51.
Rg1 Rb4 1/2-1/2

[Event "Memorial Romana Baka OPEN FIDE"]
[Site "Starochorzowski Dom Kultury"]
[Date "2013.10.03"]
[Round "8.17"]
[White "Lendla, Janusz"]
[Black "Nowakowski, Jan"]
[Result "0-1"]
[WhiteElo "1698"]
[BlackElo "1675"]
[PlyCount "120"]
[EventDate "2013.??.??"]

1. d4 e6 2. c4 d5 3. Nc3 a6 4. Nf3 h6 5. Bf4 Nf6 6. h3 c5 7. e3 Nc6 8. cxd5
exd5 9. Bd3 c4 10. Bb1 b5 11. O-O Bd6 12. Ne5 Qc7 13. a3 O-O 14. Re1 Re8 15.
Bc2 Bb7 16. Ng4 Nxg4 17. Qxg4 Bxf4 18. exf4 Qd6 19. Qf5 g6 20. Qxd5 Rxe1+ 21.
Rxe1 Qxd5 22. Nxd5 Nxd4 23. Ne3 Re8 24. Bb1 Kf8 25. Rd1 Ne2+ 26. Kf1 Nxf4 27.
h4 h5 28. g3 Ne6 29. a4 Ke7 30. axb5 axb5 31. Ke2 Rd8 32. Rxd8 Kxd8 33. Kd2 Kc7
34. Kc3 Kb6 35. b3 cxb3 36. Kxb3 Kc5 37. Bd3 Nd4+ 38. Kc3 b4+ 39. Kb2 Bc8 40.
Bb1 Be6 41. Ba2 b3 42. Bb1 Nc6 43. Be4 Na7 44. Bd3 Kd4 45. Be2 Nc6 46. Nd1 Ne5
47. Bb5 Ng4 48. Be2 Nf6 49. Nc3 Bc4 50. Bd1 Ne4 51. Nxe4 Kxe4 52. Kc3 Be6 53.
f3+ Ke3 54. g4 Kf4 55. gxh5 gxh5 56. Be2 Kg3 57. f4 Kxh4 58. Kb2 f6 59. Kc3 Bf7
60. Kb2 Kg3 0-1

[Event "Memorial Romana Baka OPEN FIDE"]
[Site "Starochorzowski Dom Kultury"]
[Date "2013.10.03"]
[Round "8.18"]
[White "Kotula, Magdalena"]
[Black "Cieraszewski, Piotr"]
[Result "1-0"]
[WhiteElo "1563"]
[BlackElo "1917"]
[PlyCount "51"]
[EventDate "2013.??.??"]

1. e4 c5 2. Nf3 Nc6 3. d4 cxd4 4. Nxd4 a6 5. Nc3 e6 6. Be3 Nge7 7. Bd3 Nxd4 8.
Bxd4 Nc6 9. Be3 g6 10. Qd2 Bg7 11. Bh6 O-O 12. h4 Re8 13. Bxg7 Kxg7 14. h5 g5
15. h6+ Kh8 16. f4 Rg8 17. e5 f5 18. exf6 Qxf6 19. fxg5 Qxg5 20. Qxg5 Rxg5 21.
O-O d5 22. Rf8+ Rg8 23. Rf7 Rd8 24. Raf1 Bd7 25. Rxh7+ Kg8 26. Rff7 1-0

[Event "Memorial Romana Baka OPEN FIDE"]
[Site "Starochorzowski Dom Kultury"]
[Date "2013.10.03"]
[Round "8.19"]
[White "Sobek, Piotr"]
[Black "Grzesiek, Wiktoria"]
[Result "1/2-1/2"]
[WhiteElo "1840"]
[BlackElo "1434"]
[PlyCount "133"]
[EventDate "2013.??.??"]

1. e4 c5 2. d4 cxd4 3. c3 dxc3 4. Nxc3 Nc6 5. Nf3 e6 6. Bc4 Nf6 7. O-O Qc7 8.
Nb5 Qb8 9. Qe2 Bc5 10. Rd1 O-O 11. a3 Ng4 12. Be3 Nxe3 13. fxe3 Ne5 14. Ba2 Ng4
15. Nbd4 e5 16. Nc2 Qc7 17. b4 Bb6 18. Rac1 d6 19. Ncd4 Qd8 20. Nc2 Nf6 21. Qd3
Bg4 22. h3 Bh5 23. Nce1 Bg6 24. Nd2 Qd7 25. Nef3 Rad8 26. Bb1 Rfe8 27. Ba2 d5
28. Qb3 d4 29. Nc4 d3 30. Nxb6 axb6 31. Qb2 Qd6 32. Rc3 Nxe4 33. Rcxd3 Qe7 34.
Nxe5 Rxd3 35. Rxd3 Nf6 36. Nxg6 hxg6 37. Qd4 Qc7 38. Rc3 Qd8 39. Qxd8 Rxd8 40.
Rc7 Rd7 41. Rxd7 Nxd7 42. Bd5 Ne5 43. b5 Kf8 44. Kf1 Ke7 45. Ke2 Kd6 46. Bxb7
Kc5 47. Bc6 Nxc6 48. bxc6 Kxc6 49. Kd3 Kb5 50. Kc3 Ka4 51. Kb2 b5 52. h4 b4 53.
axb4 Kxb4 54. Kc2 Kc4 55. Kd2 Kd5 56. Kd3 Ke5 57. e4 f5 58. exf5 Kxf5 59. Ke3
Kg4 60. Kf2 Kxh4 61. Kf3 g5 62. Kf2 g4 63. Kf1 Kg3 64. Kg1 g6 65. Kh1 Kf2 66.
Kh2 g3+ 67. Kh1 1/2-1/2